| 000 -LEADER |
| fixed length control field |
00772cam a2200253 a 4500 |
| 020 ## - INTERNATIONAL STANDARD BOOK NUMBER |
| ISBN |
9780821372913 |
| 020 ## - INTERNATIONAL STANDARD BOOK NUMBER |
| ISBN |
0821372912 |
| 020 ## - INTERNATIONAL STANDARD BOOK NUMBER |
| ISBN |
9780821372920 |
| 020 ## - INTERNATIONAL STANDARD BOOK NUMBER |
| ISBN |
0821372920 |
| 040 ## - CATALOGING SOURCE |
| Transcribing agency |
DLC |
| 082 ## - DEWEY DECIMAL CLASSIFICATION NUMBER |
| Classification number |
332 WOR 2008 A067 Or. |
| 100 1# - MAIN ENTRY--AUTHOR NAME |
| Personal name |
Demirg©ơ©ʹ-Kunt, Asl♯ł, |
| 245 10 - TITLE STATEMENT |
| Title |
Finance for all? : |
| Remainder of title |
policies and pitfalls in expanding access / |
| 260 ## - PUBLICATION, DISTRIBUTION, ETC. (IMPRINT) |
| Place of publication |
Washington, D.C. : |
| Name of publisher |
World Bank, |
| Year of publication |
c2008 |
| 300 ## - PHYSICAL DESCRIPTION |
| Number of Pages |
xv, 246 p. : |
| Other physical details |
col. ill. ; |
| Dimensions |
24 cm |
| 500 ## - GENERAL NOTE |
| General note |
Statement of responsibility from p. xiii |
| 650 #0 - SUBJECT ADDED ENTRY--TOPICAL TERM |
| Topical Term |
Financial services industry |
| 650 #0 - SUBJECT ADDED ENTRY--TOPICAL TERM |
| Topical Term |
Banks and banking |
| 700 1# - ADDED ENTRY--PERSONAL NAME |
| Personal name |
Beck, Thorsten |
| 700 1# - ADDED ENTRY--PERSONAL NAME |
| Personal name |
Honohan, Patrick |
| 710 2# - ADDED ENTRY--CORPORATE NAME |
| Corporate name or jurisdiction name as entry element |
World Bank |
| 856 41 - ELECTRONIC LOCATION AND ACCESS |
| Uniform Resource Identifier |
http://www.loc.gov/catdir/toc/fy0803/2007033387.html |
| 942 ## - ADDED ENTRY ELEMENTS (KOHA) |
| Koha item type |
សៀវភៅភាសាអង់គ្លេស |
| 952 ## - LOCATION AND ITEM INFORMATION (KOHA) |
| Withdrawn status [LOCAL, KOHA] |
0 |